[Event "GBR-ch 104th"]
[White "Fathallah, Joe"]
[Black "Gaudeau, Valentin"]
[Site "Llandudno"]
[Round "3"]
[Result "1/2-1/2"]
[Date "2017.07.31"]
[WhiteElo "1919"]
[BlackElo "2170"]
[PlyCount "48"]
[EventDate "2017.07.29"]
[EventType "swiss"]
[EventRounds "9"]
[EventCountry "WLS"]
[SourceTitle "CBM 179 Extra"]
[Source "ChessBase"]
[SourceDate "2017.08.23"]
[SourceVersion "1"]
[SourceVersionDate "2017.08.23"]
[SourceQuality "1"]

1. d4 Nf6 2. c4 e6 3. Nc3 Bb4 4. Qc2 0-0 5. a3 Bxc3+ 6. Qxc3 d6 7. Bg5 Nbd7 8. Nf3 b6 9. Nd2 c5 10. dxc5 bxc5 11. e4 e5 12. Be2 Re8 13. Bg4 Qb6 14. Bxf6 Nxf6 15. Bxc8 Raxc8 16. 0-0 a5 17. b3 Rb8 18. Rab1 Rb7 19. Rb2 Reb8 20. Rfb1 Qc6 21. Qd3 h5 22. h3 g6 23. Kh2 Kg7 24. Qe3 Rb6 1/2-1/2

[Event "Hastings Masters op 92nd"]
[White "Gaudeau, Valentin"]
[Black "Sikkel, Dirk"]
[Site "Hastings"]
[Round "3"]
[Result "1/2-1/2"]
[Date "2016.12.30"]
[WhiteElo "2182"]
[BlackElo "1956"]
[PlyCount "67"]
[EventDate "2016.12.28"]
[EventType "swiss"]
[EventRounds "9"]
[EventCountry "ENG"]
[SourceTitle "CBM 176 Extra"]
[Source "ChessBase"]
[SourceDate "2017.03.02"]
[SourceVersion "1"]
[SourceVersionDate "2017.03.02"]
[SourceQuality "1"]

1. d4 g6 2. c4 Bg7 3. Nc3 d6 4. e4 e5 5. Nf3 Nc6 6. Bg5 f6 7. Be3 Nh6 8. d5 Ne7 9. h3 Nf7 10. Nd2 0-0 11. f3 Bh6 12. Bxh6 Nxh6 13. g4 Nf7 14. Bd3 Kg7 15. h4 h6 16. Qc2 a6 17. 0-0-0 Rb8 18. Kb1 Bd7 19. a3 b5 20. b4 c5 21. dxc6 Nxc6 22. Nb3 Be6 23. Be2 Qc8 24. Nd5 a5 25. cxb5 a4 26. bxc6 axb3 27. Qxb3 Qxc6 28. b5 g5 29. Rd2 Rb7 30. Rhd1 Ra8 31. Rb2 Qc5 32. a4 Rab8 33. Qb4 Qxb4 34. Rxb4 1/2-1/2

[Event "Hastings Masters op 92nd"]
[White "Gaudeau, Valentin"]
[Black "Spanton, Timothy"]
[Site "Hastings"]
[Round "1"]
[Result "1/2-1/2"]
[Date "2016.12.28"]
[WhiteElo "2182"]
[BlackElo "1976"]
[PlyCount "52"]
[EventDate "2016.12.28"]
[EventType "swiss"]
[EventRounds "9"]
[EventCountry "ENG"]
[SourceTitle "CBM 176 Extra"]
[Source "ChessBase"]
[SourceDate "2017.03.02"]
[SourceVersion "1"]
[SourceVersionDate "2017.03.02"]
[SourceQuality "1"]

1. d4 d5 2. c4 e6 3. Nf3 Nf6 4. g3 c5 5. cxd5 cxd4 6. dxe6 Bxe6 7. Qxd4 Nc6 8. Qa4 Bc5 9. Bg2 0-0 10. 0-0 Qb6 11. Nc3 Rfe8 12. Ng5 Bd7 13. Qf4 h6 14. Nge4 Nxe4 15. Bxe4 Nd4 16. Bd5 Be6 17. e4 Bxd5 18. Nxd5 Ne2+ 19. Kh1 Nxf4 20. Nxb6 Bxb6 21. Bxf4 Rxe4 22. Rad1 Re2 23. Rd2 Rae8 24. Kg2 Ba5 25. Rxe2 Rxe2 26. Bc1 Kf8 1/2-1/2

[Event "BCF-ch Week1 AM op"]
[White "Forster, Matthew"]
[Black "Gaudeau, Valentin"]
[Site "Bournemouth"]
[Round "3"]
[Result "0-1"]
[Date "2016.07.27"]
[WhiteElo "1733"]
[BlackElo "2147"]
[PlyCount "109"]
[EventDate "2016.07.25"]
[EventType "swiss"]
[EventRounds "5"]
[EventCountry "ENG"]
[SourceTitle "CBM 173 Extra"]
[Source "ChessBase"]
[SourceDate "2016.08.29"]
[SourceVersion "1"]
[SourceVersionDate "2016.08.29"]
[SourceQuality "1"]

1. c4 f5 2. Nc3 Nf6 3. Nf3 g6 4. g3 Bg7 5. Bg2 0-0 6. 0-0 d6 7. Rb1 a5 8. a3 e5 9. d3 c6 10. b4 axb4 11. axb4 Be6 12. Ng5 Bd7 13. b5 h6 14. bxc6 bxc6 15. Nf3 g5 16. e4 f4 17. h3 Be6 18. c5 Na6 19. d4 exd4 20. Nxd4 Bc4 21. Nxc6 Qe8 22. Re1 fxg3 23. Be3 Nh5 24. Nd5 gxf2+ 25. Bxf2 Qf7 26. Nde7+ Kh8 27. Qc2 Bd3 28. Ng6+ Qxg6 29. Qxd3 Nxc5 30. Ne7 Qe6 31. Bxc5 dxc5 32. Nf5 Be5 33. Qb5 Nf4 34. Qb6 Rae8 35. Bf1 Qxb6 36. Rxb6 Rxf5 37. Bb5 Bd4+ 38. Kh2 Re7 39. Rxh6+ Kg7 40. Rb6 Rfe5 41. Rb1 Rxe4 42. Rb8 Re3 43. Bf1 Re1 44. Rxe1 Rxe1 45. Bc4 Re3 46. Rb7+ Kf6 47. Rh7 Rc3 48. Bg8 c4 49. Rf7+ Ke5 50. Re7+ Kd6 51. Rh7 Be5 52. Rh6+ Kc5 53. h4 Rh3+ 54. Kg1 Bd4+ 55. Kf1 0-1

[Event "Hampstead U2200 op  41st"]
[White "Gaudeau, Valentin"]
[Black "Spanton, Timothy"]
[Site "Hampstead"]
[Round "4"]
[Result "1-0"]
[Date "2016.07.03"]
[WhiteElo "2147"]
[BlackElo "1937"]
[PlyCount "63"]
[EventDate "2016.07.02"]
[EventType "swiss"]
[EventRounds "5"]
[EventCountry "ENG"]
[SourceTitle "EXT 2025"]
[Source "ChessBase"]
[SourceDate "2024.10.14"]
[SourceVersion "1"]
[SourceVersionDate "2024.10.14"]
[SourceQuality "1"]

1. d4 d5 2. Bf4 Bg4 3. f3 Bf5 4. Nc3 Nf6 5. g4 Bg6 6. h4 h6 7. e3 e6 8. Bd3 Bxd3 9. Qxd3 c6 10. e4 dxe4 11. Nxe4 Nxe4 12. fxe4 Bd6 13. Bxd6 Qxd6 14. 0-0-0 Na6 15. Kb1 0-0-0 16. Nf3 f6 17. e5 Qd5 18. c4 Qd7 19. Rhe1 Rhf8 20. exf6 Rxf6 21. Ne5 Qd6 22. c5 Qd5 23. Qc3 Rf4 24. Nc4 Nxc5 25. dxc5 Qxc4 26. Rxd8+ Kxd8 27. Rd1+ Ke8 28. Qxg7 Qe4+ 29. Ka1 Qd3 30. Re1 Qe2 31. Qg6+ Ke7 32. Rxe2 1-0

[Event "Hampstead U2200 op  41st"]
[White "Taylor, William J"]
[Black "Gaudeau, Valentin"]
[Site "Hampstead"]
[Round "2"]
[Result "1/2-1/2"]
[Date "2016.07.02"]
[WhiteElo "1978"]
[BlackElo "2147"]
[PlyCount "88"]
[EventDate "2016.07.02"]
[EventType "swiss"]
[EventRounds "5"]
[EventCountry "ENG"]
[SourceTitle "EXT 2025"]
[Source "ChessBase"]
[SourceDate "2024.10.14"]
[SourceVersion "1"]
[SourceVersionDate "2024.10.14"]
[SourceQuality "1"]

1. e4 c5 2. Nf3 d6 3. d4 cxd4 4. Nxd4 Nf6 5. Nc3 g6 6. Be3 Bg7 7. f3 0-0 8. Qd2 Nc6 9. 0-0-0 Nxd4 10. Bxd4 Be6 11. Kb1 Qc7 12. Nd5 Bxd5 13. exd5 Rfc8 14. c4 a6 15. Rc1 Rab8 16. Bd3 b6 17. g4 Qb7 18. h4 b5 19. h5 bxc4 20. Bxc4 Qb4 21. Bc3 Ne4 22. fxe4 Bxc3 23. Qxc3 Rxc4 24. Qxb4 Rbxb4 25. Rxc4 Rxc4 26. hxg6 hxg6 27. Re1 Kg7 28. g5 f6 29. b3 Rc7 30. Kb2 fxg5 31. e5 Rc5 32. exd6 exd6 33. Rd1 a5 34. a3 Kf6 35. b4 axb4 36. axb4 Rc8 37. Rf1+ Ke5 38. Rg1 g4 39. Rxg4 Kf5 40. Rg1 g5 41. Kb3 Kf4 42. Rf1+ Ke4 43. Rf6 Rg8 44. Kc4 Rc8+ 1/2-1/2

[Event "Hastings Masters op 91st"]
[White "Wilson, Matthew R"]
[Black "Gaudeau, Valentin"]
[Site "Hastings"]
[Round "4"]
[Result "0-1"]
[Date "2015.12.31"]
[WhiteElo "1877"]
[BlackElo "2080"]
[PlyCount "75"]
[EventDate "2015.12.28"]
[EventType "swiss"]
[EventRounds "9"]
[EventCountry "ENG"]
[SourceTitle "CBM 170 Extra"]
[Source "ChessBase"]
[SourceDate "2016.02.25"]
[SourceVersion "1"]
[SourceVersionDate "2016.02.25"]
[SourceQuality "1"]

1. e4 c5 2. Nc3 Nc6 3. f4 g6 4. Nf3 Bg7 5. Bb5 Nd4 6. 0-0 a6 7. Bd3 d6 8. Nxd4 cxd4 9. Ne2 Nf6 10. c3 dxc3 11. bxc3 b5 12. Bc2 Bb7 13. d3 0-0 14. Kh1 Qc7 15. Bd2 Nd7 16. f5 d5 17. exd5 Nb6 18. fxg6 hxg6 19. Rc1 Qd7 20. Rf3 Nxd5 21. Bb3 e6 22. Rh3 Ne7 23. Qe1 Nf5 24. d4 Qc6 25. Qf2 Rad8 26. Bc2 Rfe8 27. Nf4 Bf6 28. Nd3 Kg7 29. Nc5 Qb6 30. Be4 Bd5 31. g4 Qc6 32. Qg2 Nh4 33. Rxh4 Bxh4 34. g5 e5 35. Qf3 exd4 36. Bxd5 Qxd5 37. Qxd5 Rxd5 38. Ne4 0-1

[Event "Hampstead op 34th"]
[White "Rogers, Timothy"]
[Black "Gaudeau, Valentin"]
[Site "Hampstead"]
[Round "5"]
[Result "0-1"]
[Date "2015.11.29"]
[WhiteElo "2062"]
[BlackElo "2080"]
[PlyCount "56"]
[EventDate "2015.11.28"]
[EventType "swiss"]
[EventRounds "5"]
[EventCountry "ENG"]
[SourceTitle "CBM 169 Extra"]
[Source "ChessBase"]
[SourceDate "2015.12.18"]
[SourceVersion "1"]
[SourceVersionDate "2015.12.18"]
[SourceQuality "1"]

1. e4 c5 2. Nf3 d6 3. d4 cxd4 4. Nxd4 Nf6 5. Nc3 g6 6. Be3 Bg7 7. f3 0-0 8. Qd2 Nc6 9. 0-0-0 d5 10. Nxc6 bxc6 11. Qe1 Qc7 12. exd5 cxd5 13. Nxd5 Nxd5 14. Rxd5 Bf5 15. Rc5 Qb7 16. Rb5 Qc7 17. c3 Rab8 18. g4 Rxb5 19. Bxb5 Be6 20. a3 Rc8 21. Ba6 Rb8 22. h4 Qc6 23. Be2 Qd5 24. Qd2 Qa2 25. Bd3 Qa1+ 26. Bb1 Ba2 27. Qc2 Bxc3 28. Bh6 Rxb2 0-1

[Event "BCF-chT4 0506 (4NCL)"]
[White "Gaudeau, Valentin"]
[Black "Spencer, Douglas"]
[Site "West Bromwich"]
[Round "8.3"]
[Result "0-1"]
[Date "2006.03.19"]
[WhiteElo "1885"]
[BlackElo "1902"]
[PlyCount "104"]
[EventDate "2005.11.05"]
[EventType "team-tourn"]
[EventRounds "11"]
[EventCountry "ENG"]
[SourceTitle "CBM 109 Extra"]
[Source "ChessBase"]
[SourceDate "2006.01.03"]
[SourceVersion "2"]
[SourceVersionDate "2006.01.03"]
[SourceQuality "1"]
[WhiteTeam "Richmond II"]
[BlackTeam "Celtic Tigers"]
[WhiteTeamCountry "ENG"]
[BlackTeamCountry "ENG"]

1. e4 g6 2. d4 Bg7 3. Nc3 d5 4. Be3 dxe4 5. Nxe4 Nd7 6. Bc4 Nb6 7. Bb3 Nd5 8. Nf3 Ngf6 9. Nxf6+ Nxf6 10. Ne5 0-0 11. 0-0 c6 12. Qf3 a5 13. Rad1 a4 14. Bc4 Nd5 15. a3 e6 16. Rfe1 Qc7 17. Ng4 h5 18. Ne5 Nxe3 19. Rxe3 Ra5 20. Qe4 Rd8 21. Nxg6 fxg6 22. Qxg6 Qf7 23. Rxe6 Qxg6 24. Rxg6+ Kh7 25. Bd3 Kh8 26. c3 Re8 27. f3 Rd5 28. Kf2 Bf5 29. Rg5 Bxd3 30. Rxd5 Re2+ 31. Kg3 cxd5 32. Rxd3 Rxb2 33. Re3 Rb3 34. Re7 Rxa3 35. Rxb7 Rxc3 36. Kf4 Bxd4 37. Rb4 Rc4 38. Rb8+ Kg7 39. Kg5 Bf6+ 40. Kf5 Be7 41. Ke6 a3 42. Kxe7 Ra4 43. Rb1 a2 44. Ra1 d4 45. f4 d3 46. f5 Ra7+ 47. Ke6 d2 48. f6+ Kg6 49. f7 Rxf7 50. h3 Ra7 51. g4 hxg4 52. Rg1 a1Q 0-1